LEADER 01524nam0 22003373i 450 001 SUN0104576 005 20170620095632.152 010 $a978-88-204-2835-8$d0.00 100 $a20160119d2013 |0itac50 ba 101 $aita 102 $aIT 105 $a|||| ||||| 200 1 $a*Impresa sociale & innovazione sociale$eimprenditorialità nel terzo settore e nell'economia sociale$eil modello IS&IS$fGiorgio Fiorentini, Francesca Calò$gprefazione di Elio Borgonovi 210 $aMilano$cAngeli$d2013 215 $a318 p.$d23 cm. 410 1$1001SUN0104577$12001 $a*AM. Milano$eFranco Angeli. 606 $aEnti senza scopo di lucro$xEconomia$2EC$3SUNC031678 606 $aEconomia sociale$2EC$3SUNC031679 620 $dMilano$3SUNL000284 676 $a658.048$cGESTIONE DI ORGANIZZAZIONI SENZA SCOPO DI LUCRO$v21 700 1$aFiorentini$b, Giorgio$3SUNV057974$0437437 701 1$aCalò$b, Francesca$3SUNV081510$0521834 702 1$aBorgonovi$b, Elio$3SUNV003875 712 $aAngeli$3SUNV000073$4650 801 $aIT$bSOL$c20181109$gRICA 856 4 $uhttps://books.google.it/books?id=8SIJAgAAQBAJ&printsec=frontcover&hl=it 912 $aSUN0104576 950 $aUFFICIO DI BIBLIOTECA DEL DIPARTIMENTO DI ECONOMIA$d03 PREST IIAm34 $e03 BDE475 995 $aUFFICIO DI BIBLIOTECA DEL DIPARTIMENTO DI ECONOMIA$bIT-CE0106$gBDE$h475$kPREST IIAm34$op$qa 996 $aImpresa sociale & innovazione sociale$91410059 997 $aUNICAMPANIA